000 01124nam a2200289 i 4500
003 OSt
005 20260601171016.0
008 260508b1996\\\\mx\a||||\||||\00|\0\spa\d
020 _a9688873195
040 _aICI
_bspa
_cICI
041 _aspa
050 _aNA759.A683
_bA4 1996
100 _eautor
245 1 _a Augusto H. Alvarez Arquitecto y Asociados S. C.
_cpresentacion Antonio Creixell
264 1 _aMéxico :
_bGustavo Gili,
_c1996
300 _a72 páginas
_bilustraciones
336 _2rdacontent
_atexto
337 _2rdamedia
_asin medio
338 _2rdacarrier
_avolumen
490 0 _aCatalogos de arquitectura mexicana
520 _aRecopilación de proyectos representativos del arquitecto mexicano Augusto H. Álvarez, con documentación gráfica y análisis de su aportación a la arquitectura moderna y funcionalista en México.
600 1 _aAlvarez, Augusto H.,
_d1914-
610 2 _aAugusto H. Alvarez, Arquitecto y Asociados
_vCatalogos
_933951
650 _aArquitectura modern
_z Mexico
_vCatalogos
_xSiglo XX
_933952
700 1 _aCreixell, Antonio,
_eprologuista
_933953
942 _2lcc
_cB
_n1
999 _c20691
_d20691